000 003130000a22000970004500
100 1 _aCampbell, Iain D.
245 1 0 _a"Fact not dogma" : George Adam Smith, evangelicalism and biblical criticism
300 _aVol. 18, Num. 1 (2000), Páginas 3-20
773 0 _tScottish Bulletin of Evangelical Theology
942 _cANA
999 _c55759
_d55759